000 00716nam a2200181 a 4500
008 210223s2011 ||||||||||||||||| || u
020 _a9780471433316
050 _aQA 300 Bar
100 _aBartle, Robert G
245 1 0 _aIntroduction to real analysis (Fourth edition)
_cBy Robert G. Bartle; Donald R. Sherbert
250 _aFourth edition
260 _aNew Jersey
_bJohn Wiley & Sons
_c2011
300 _axiii, 402 pages : illustrations
650 _aFUNCTIONS OF REAL VARIABLES
650 _aMATHEMATICAL ANALYSIS
700 _aSherbert, Donald R
995 _D68.95
_FCBU-MAIN LIBRARY (Kitwe)
_M1
_UAVAILABLE
_WMar 4, 2021
_ZMain Library Open Access Collection
999 _c47978
_d47978